000 00286nam a22001217a 4500
020 _a9789350532676
082 _a630.121
_bSIN/PR
100 _aSingh,Pawan
_91204
245 _aPrinciples of Agronomy
260 _aNew Delhi
_bCyber Tech Publications
_c2014
300 _a264
942 _cBK
999 _c14681
_d14681